Loading...

Hali and collected stories /

Bibliographic Details
Main Author: Desani, Gv
Language:Undetermined
Published: Delhi : Penguin books , 1998.
LEADER 00471nam a2200145Ia 4500
001 44715
008 170722s9999 xx 000 0 und d
020 |a 0140279180 
100 |a Desani, Gv 
245 |a Hali and collected stories / 
260 |a Delhi :  |b Penguin books ,  |c 1998. 
300 |a 207 p.  |c 21cms 
942 |c GEN 
999 |c 118579  |d 118579 
952 |0 0  |1 0  |4 0  |6 O_231N09X_N8  |7 0  |9 167694  |a LIB  |b LIB  |d 2017-08-12  |l 1  |o O-2,31N09x N8  |p 232668  |r 2019-03-01  |s 2019-02-25  |v 200.00  |w 2017-08-12  |y GEN